000 00494nam a2200181Ia 4500
005 20250326123534.0
008 250326s9999 xx 000 0 und d
037 _aTextbook
040 _aFMSL
_beng
_cFMSL
041 _aeng
_2eng
084 _aBobX L2
_qFMSL
100 _aHamburger E
_9735425
245 0 _aBusiness mathematics for college students
_cHamburger E
260 _aNY
_bNY, Macmillan
_c1972
300 _a684p
942 _cTB
_hBobX L2
999 _c1269827
_d1269827